Word class manufacturing-the lesson of simplicity (Record no. 91280)
[ view plain ]
| 000 -LEADER | |
|---|---|
| fixed length control field | 00492nam a2200181Ia 4500 |
| 008 - FIXED-LENGTH DATA ELEMENTS--GENERAL INFORMATION | |
| fixed length control field | 230125s9999 xx 000 0 und d |
| 020 ## - INTERNATIONAL STANDARD BOOK NUMBER | |
| International Standard Book Number | 0-02-929270-0 |
| 041 ## - LANGUAGE CODE | |
| Language code of text/sound track or separate title | eng |
| 082 ## - DEWEY DECIMAL CLASSIFICATION NUMBER | |
| Classification number | 920.650 |
| Item number | SCH |
| 100 ## - MAIN ENTRY--PERSONAL NAME | |
| Personal name | Schonberger R J |
| 9 (RLIN) | 114003 |
| 245 ## - TITLE STATEMENT | |
| Title | Word class manufacturing-the lesson of simplicity |
| 260 ## - PUBLICATION, DISTRIBUTION, ETC. (IMPRINT) | |
| Date of publication, distribution, etc. | 1986 |
| Name of publisher, distributor, etc. | The free press |
| Place of publication, distribution, etc. | New York |
| 300 ## - PHYSICAL DESCRIPTION | |
| Extent | 253p |
| 500 ## - GENERAL NOTE | |
| Keywords | Company profile |
| 650 ## - SUBJECT ADDED ENTRY--TOPICAL TERM | |
| Topical term or geographic name as entry element | Company Profile |
| 700 ## - ADDED ENTRY--PERSONAL NAME | |
| Personal name | Schonberger R J |
| 9 (RLIN) | 114003 |
| Withdrawn status | Lost status | Damaged status | Not for loan | Home library | Current library | Date acquired | Vendor | Cost, normal purchase price | Total Checkouts | Full call number | Barcode | Date last seen | Cost, replacement price | Bill Date | Koha item type | Original Barcode |
|---|---|---|---|---|---|---|---|---|---|---|---|---|---|---|---|---|
| Smt. Hiraben Nanavati Institute of Management & Research for Women | Smt. Hiraben Nanavati Institute of Management & Research for Women | 14/07/1998 | Word Book Shop | 300.00 | 920.650 SCH B01053 | HIMR-BK-1053 | 25/01/2023 | 300.00 | 14/07/1998 | Books | B01053 |